000 00782nam a22002057a 4500
999 _c21213
_d21213
003 AR-CdUCM
008 190313b ||||| |||| 00| 0 spa d
040 _aMUNICIPALIDAD PROVINCIAL DEL CUSCO
_cBIBLIOTECA MUNICIPAL DEL CUSCO
082 _a335.4101 / R63L
_bR63L
100 _aRíos Zamalloa, Jorge
_92949
245 _aLeyes de movimiento para el cambio /
_cJorge Ríos Zamalloa
260 _aCusco :
_bWamanpuma ;
_c2017.
300 _a265 páginas ;
_c20 cm.
505 _aContenido: La filosofía y las ciencias -- El arte como fuente de investigación -- El movimiento y el trabajo -- Organización de la materia ...
650 _aDialéctica
_95490
650 _aCronotopología
_944249
650 _aDesarrollo biológico
_944250
942 _2ddc
_cLIBROS
945 _aRoel